Personnages des films Les Gendarmes - Statistiques

Statistiques générales
  • Ce quiz a été pris 22 fois
  • Le résultat moyen est 6 sur 11
Statistiques - réponses
Indice Nom du personnage % Correct
Maréchal des logis-chef,héros de la saga Ludovic Cruchot
100%
Souffre-douleur du héros, membre de la brigade de Saint-Tropez Fougasse
89%
Supérieur hiérarchique du héros, nommé par lui "mon adjudant" Jérôme Gerber
84%
Fille du héros, qui n'aspirequ'à s'amuser Nicole
63%
Membre de la brigade de Saint-Tropez, plus grand fan de l'adjudant Merlot
58%
Membre de la brigade deSaint-Tropez Tricard
58%
Petit membre de la brigadede Saint-Tropez Berlicot
53%
Femme du héros Josefa
53%
La plus mauvaise conductrice des bonnes soeurs Soeur Clotilde
42%
Gros membre de la brigadede Saint-Tropez, apparu dans Le Gendarme et les Gendarmettes Beaupied
32%
Femme de l'adjudant Madame Gerber
11%
Aucun quiz correspondant
Distribution des résultats
% des personnes avec chaque résultat
Percentile par nombre de réponses
Votre historique - résultats
Vous n’avez pas pris ce quiz